[Event "4NCL"]
[Site "Barcelo Hotel, Hinkley Island,"]
[Date "2011.01.15"]
[Round "3.45"]
[White "Rich, Mark C"]
[Black "Faulks, Nick"]
[Result "1/2-1/2"]
[WhiteElo "2145"]
[BlackElo "2101"]
[PlyCount "82"]
[EventDate "2011.??.??"]
[WhiteTeam "Jutes of Kent"]
[BlackTeam "White Rose 2"]

1. e4 c5 2. Nc3 e6 3. f4 d5 4. Nf3 Nf6 5. e5 d4 6. exf6 dxc3 7. fxg7 cxd2+ 8.
Qxd2 Qxd2+ 9. Bxd2 Bxg7 10. O-O-O O-O 11. Bd3 Bd7 12. Be3 b6 13. h4 Bc6 14. Ne5
Bd5 15. h5 Nc6 16. Nxc6 Bxc6 17. h6 Bf6 18. Rh3 Kh8 19. g4 Rad8 20. c3 Rd5 21.
g5 Be7 22. c4 Rd7 23. Bd2 Rfd8 24. Bc3+ Kg8 25. Be2 Rxd1+ 26. Bxd1 Bd6 27. Bd2
Bc7 28. Bc2 Bg2 29. Rd3 Rxd3 30. Bxd3 Bh3 31. a3 Bf5 32. Kc2 Kf8 33. Bxf5 exf5
34. Kd3 f6 35. gxf6 Kf7 36. Ke3 Kxf6 37. Bc3+ Kg6 38. Bg7 Bd8 39. b4 Be7 40. b5
Bd6 41. a4 Bc7 1/2-1/2

[Event "4NCL"]
[Site "Barcelo Hotel, Hinkley Island,"]
[Date "2011.01.15"]
[Round "3.46"]
[White "Lewyk, Ihor"]
[Black "Wilson, Alexandra"]
[Result "1/2-1/2"]
[WhiteElo "2108"]
[BlackElo "2037"]
[PlyCount "118"]
[EventDate "2011.??.??"]
[WhiteTeam "White Rose 2"]
[BlackTeam "Jutes of Kent"]

1. Nf3 Nf6 2. d4 d5 3. e3 g6 4. Bd3 Bg7 5. O-O O-O 6. Ne5 c5 7. c3 Nbd7 8. f4
e6 9. Nd2 Ne8 10. Nxd7 Bxd7 11. dxc5 Qc7 12. Nb3 Ba4 13. e4 dxe4 14. Bxe4 Nf6
15. Qf3 Nxe4 16. Qxe4 Bxb3 17. axb3 Qxc5+ 18. Be3 Qb5 19. Qa4 Qe2 20. Bc1 b5
21. Qa6 Rfd8 22. Qb7 Rab8 23. Qxa7 b4 24. Qf2 Qxf2+ 25. Kxf2 bxc3 26. bxc3 Rxb3
27. Be3 Rxc3 28. Rac1 Rdc8 29. Rxc3 Rxc3 30. Rb1 Rc8 31. Rb7 h5 32. h3 Bf6 33.
Rb5 Rc2+ 34. Kf3 Rc3 35. Ke2 Rc2+ 36. Kf3 Rc3 37. Ke2 h4 38. Ra5 Kg7 39. Rb5
Rc2+ 40. Kf3 Rc3 41. Ke2 Ra3 42. Rc5 Ra4 43. Rb5 Bd4 44. Bxd4+ Rxd4 45. Ke3 Ra4
46. Rb7 Ra3+ 47. Kf2 Rg3 48. Rb5 Kf6 49. Rb8 Ra3 50. Rb5 Rg3 51. Rb8 Kg7 52.
Rb7 g5 53. Rb4 Kg6 54. fxg5 Kxg5 55. Rb8 Ra3 56. Rg8+ Kh5 57. Rh8+ Kg5 58. Rg8+
Kh5 59. Rh8+ Kg5 1/2-1/2

[Event "4NCL"]
[Site "Barcelo Hotel, Hinkley Island,"]
[Date "2011.01.15"]
[Round "3.47"]
[White "Howell, Chris I"]
[Black "Birkin, Mark H"]
[Result "1-0"]
[WhiteElo "2065"]
[BlackElo "1895"]
[PlyCount "97"]
[EventDate "2011.??.??"]
[WhiteTeam "Jutes of Kent"]
[BlackTeam "White Rose 2"]

1. e4 e6 2. d4 d5 3. Nd2 a6 4. Bd3 c5 5. exd5 exd5 6. Qe2+ Qe7 7. dxc5 Qxe2+ 8.
Nxe2 Bxc5 9. Nb3 Ba7 10. O-O Nc6 11. Re1 Nge7 12. c3 O-O 13. Nbd4 Bg4 14. h3
Bd7 15. Bf4 Rfe8 16. Bd6 Ng6 17. Nxc6 bxc6 18. Nd4 c5 19. Nf3 Bb5 20. Bf5 Be2
21. Bxg6 hxg6 22. Ne5 Rad8 23. Bc7 Rc8 24. Rxe2 Rxc7 25. Rae1 d4 26. Nc4 Rxe2
27. Rxe2 Rd7 28. Re8+ Kh7 29. Kf1 dxc3 30. bxc3 Rd3 31. Re3 Rd7 32. Ke2 Bb8 33.
Re8 Rb7 34. a4 g5 35. Rc8 Ba7 36. Rc6 Rb3 37. Kd3 Rb1 38. Rxa6 Bb8 39. Rb6 Rxb6
40. Nxb6 Kg6 41. g4 f5 42. a5 Ba7 43. Kc4 Kf6 44. Kxc5 fxg4 45. hxg4 Ke5 46.
Kc6 Kf4 47. Kb7 Kxg4 48. Kxa7 Kf3 49. Kb7 1-0

[Event "4NCL"]
[Site "Barcelo Hotel, Hinkley Island,"]
[Date "2011.01.16"]
[Round "4.51"]
[White "Webb, Richard M"]
[Black "Sharpe, Ian W"]
[Result "1/2-1/2"]
[WhiteElo "2268"]
[BlackElo "2250"]
[PlyCount "35"]
[EventDate "2011.??.??"]
[WhiteTeam "AMCA Dragons"]
[BlackTeam "Guildford A&DC 2"]

1. e4 e6 2. d4 d5 3. exd5 exd5 4. Bd3 Bd6 5. Qf3 c6 6. Ne2 Qf6 7. Bf4 Bxf4 8.
Qxf4 Qxf4 9. Nxf4 Ne7 10. Nc3 Bf5 11. O-O-O Bxd3 12. Rxd3 O-O 13. Re1 Nf5 14.
g4 Nd6 15. Re7 Re8 16. Rxe8+ Nxe8 17. Re3 Nd7 18. Nd3 1/2-1/2

[Event "4NCL"]
[Site "Barcelo Hotel, Hinkley Island,"]
[Date "2011.01.16"]
[Round "4.52"]
[White "Osborne, Marcus E"]
[Black "Richardson, Keith B"]
[Result "1/2-1/2"]
[WhiteElo "2231"]
[BlackElo "2118"]
[PlyCount "93"]
[EventDate "2011.??.??"]
[WhiteTeam "Guildford A&DC 2"]
[BlackTeam "AMCA Dragons"]

1. d4 Nf6 2. c4 g6 3. Nc3 Bg7 4. e4 d6 5. f3 O-O 6. Be3 e5 7. d5 Ne8 8. Qd2 f5
9. O-O-O f4 10. Bf2 a6 11. g3 Bh6 12. Be1 Nd7 13. h4 Bg7 14. g4 Ndf6 15. Bh3
Bd7 16. Qg2 b5 17. g5 Nh5 18. Bxd7 Qxd7 19. Qh3 Qxh3 20. Rxh3 bxc4 21. Nb1 c6
22. Na3 cxd5 23. Rxd5 Nc7 24. Rxd6 Nb5 25. Nxb5 axb5 26. a3 Rfd8 27. Rxd8+ Rxd8
28. Rh2 Ng3 29. Ba5 Ra8 30. Bb4 Bf8 31. Bxf8 Kxf8 32. Rd2 b4 33. Kb1 bxa3 34.
Ka2 axb2+ 35. Kxb2 Ke7 36. Rd5 Ke6 37. Rc5 Ra7 38. Rc6+ Kd7 39. Rxc4 Rc7 40.
Ra4 Kd6 41. Ra1 Ke6 42. Ra6+ Ke7 43. Nh3 Ne2 44. h5 gxh5 45. Rh6 Kf8 46. Rxh5
Nd4 47. g6 1/2-1/2

[Event "4NCL"]
[Site "Barcelo Hotel, Hinkley Island,"]
[Date "2011.01.16"]
[Round "4.53"]
[White "Holland, James P"]
[Black "Meyer, Gordon"]
[Result "1/2-1/2"]
[WhiteElo "2110"]
[BlackElo "2166"]
[PlyCount "20"]
[EventDate "2011.??.??"]
[WhiteTeam "AMCA Dragons"]
[BlackTeam "Guildford A&DC 2"]

1. d4 Nf6 2. c4 g6 3. g3 Bg7 4. Bg2 O-O 5. Nc3 d6 6. Nf3 Nc6 7. O-O a6 8. Qd3
Nb4 9. Qd2 Nc6 10. Qd3 Nb4 1/2-1/2

[Event "4NCL"]
[Site "Barcelo Hotel, Hinkley Island,"]
[Date "2011.01.16"]
[Round "4.54"]
[White "Singleton, Michael PF"]
[Black "Purdon, Colin"]
[Result "1/2-1/2"]
[WhiteElo "2162"]
[BlackElo "2074"]
[PlyCount "44"]
[EventDate "2011.??.??"]
[WhiteTeam "Guildford A&DC 2"]
[BlackTeam "AMCA Dragons"]

1. d4 d5 2. c4 c6 3. Nc3 Nf6 4. Nf3 dxc4 5. a4 c5 6. d5 Bf5 7. Nd2 Nxd5 8. Nxd5
Qxd5 9. e4 Bxe4 10. Bxc4 Qf5 11. O-O Bc6 12. Ra3 e6 13. Re1 Be7 14. Rh3 Nd7 15.
Rh5 Qg6 16. g3 O-O-O 17. Qe2 Nf6 18. Rh4 Rd4 19. Rxd4 cxd4 20. Bxe6+ fxe6 21.
Qxe6+ Kb8 22. Qxe7 Ka8 1/2-1/2

[Event "4NCL"]
[Site "Barcelo Hotel, Hinkley Island,"]
[Date "2011.01.16"]
[Round "4.57"]
[White "McLaughlin, Noel S"]
[Black "Stimpson, Philip M"]
[Result "0-1"]
[WhiteElo "2042"]
[BlackElo "2095"]
[PlyCount "40"]
[EventDate "2011.??.??"]
[WhiteTeam "AMCA Dragons"]
[BlackTeam "Guildford A&DC 2"]

1. Nf3 Nf6 2. c4 c5 3. Nc3 Nc6 4. g3 g6 5. Bg2 Bg7 6. O-O O-O 7. a3 d5 8. cxd5
Nxd5 9. Qb3 Nb6 10. Qb5 Nd4 11. Nxd4 cxd4 12. Nd5 Bd7 13. Qc5 Nxd5 14. Bxd5 b6
15. Qc4 Rc8 16. Qb3 Bh3 17. Re1 Rc5 18. Bh1 Qd7 19. d3 Rfc8 20. Bd2 Be6 0-1

[Event "4NCL"]
[Site "Barcelo Hotel, Hinkley Island,"]
[Date "2011.01.16"]
[Round "4.58"]
[White "Punnett, Alan K"]
[Black "Hart, David PO"]
[Result "0-1"]
[WhiteElo "2063"]
[BlackElo "2018"]
[PlyCount "96"]
[EventDate "2011.??.??"]
[WhiteTeam "Guildford A&DC 2"]
[BlackTeam "AMCA Dragons"]

1. e4 c5 2. Nc3 Nc6 3. g3 g6 4. Bg2 Bg7 5. d3 e6 6. f4 Nge7 7. Nf3 d6 8. O-O
Rb8 9. Be3 b5 10. Qd2 b4 11. Nd1 O-O 12. g4 f5 13. gxf5 exf5 14. e5 dxe5 15.
Bxc5 exf4 16. Qxf4 Be6 17. d4 h6 18. Ne3 g5 19. Nxg5 hxg5 20. Qxg5 Rf6 21. d5
Rg6 22. Qh5 Rxg2+ 23. Kxg2 Bxd5+ 24. Kg1 Be4 25. Rad1 Qa5 26. Bd6 Rf8 27. Rf4
Qb6 28. Kf2 Rf7 29. Rg1 Qd4 30. Rd1 Qxb2 31. Rd2 Qf6 32. Rh4 Qg6 33. Bc5 Qxh5
34. Rxh5 a5 35. Rd7 f4 36. Nc4 Nf5 37. Rxf7 Kxf7 38. Nd6+ Nxd6 39. Bxd6 Bd4+
40. Kf1 f3 41. Bc5 Bf6 42. Rh3 Ne5 43. a3 bxa3 44. Bxa3 Bxc2 45. Kf2 Bf5 46.
Rg3 Bh4 47. Bb2 Nd3+ 48. Kxf3 Bxg3 0-1

[Event "4NCL"]
[Site "Barcelo Hotel, Hinkley Island,"]
[Date "2011.01.16"]
[Round "4.61"]
[White "Dunn, Andrew"]
[Black "Pigott, John C"]
[Result "1-0"]
[WhiteElo "2215"]
[BlackElo "2395"]
[PlyCount "101"]
[EventDate "2011.??.??"]
[WhiteTeam "Poisoned Pawns 1"]
[BlackTeam "Kings Head"]

1. d4 d5 2. Nf3 Nf6 3. e3 Bg4 4. c4 c6 5. Qb3 Qb6 6. c5 Qc7 7. Ne5 Bf5 8. Nc3
Nbd7 9. f4 e6 10. Be2 Be7 11. O-O O-O 12. Qa4 Nxe5 13. fxe5 Ne4 14. Nxe4 Bxe4
15. Bd2 b6 16. b4 bxc5 17. bxc5 Rab8 18. Qa3 f6 19. exf6 Bxf6 20. Bf3 Bxf3 21.
Rxf3 e5 22. Bc3 Bg5 23. Rxf8+ Rxf8 24. Qc1 Qf7 25. Qd2 e4 26. Qe2 h5 27. Rb1
Qg6 28. Be1 Rf5 29. a4 Kh7 30. Bd2 Bh6 31. Rf1 Rg5 32. Rf2 h4 33. a5 h3 34. g3
Rf5 35. Rxf5 Qxf5 36. Qf1 Qg4 37. a6 Bg5 38. Kh1 Kg6 39. Kg1 Bd8 40. Bc3 Bc7
41. Bd2 Kg5 42. Be1 g6 43. Bd2 Kh5 44. Be1 Bd8 45. Qf8 Qf3 46. Qxf3+ exf3 47.
g4+ Kxg4 48. Bg3 Bg5 49. Kf2 Bh4 50. Bxh4 Kxh4 51. e4 1-0

[Event "4NCL"]
[Site "Barcelo Hotel, Hinkley Island,"]
[Date "2011.01.16"]
[Round "4.62"]
[White "McMichael, Richard J"]
[Black "Swanson, Stephen"]
[Result "0-1"]
[WhiteElo "2285"]
[BlackElo "2269"]
[PlyCount "106"]
[EventDate "2011.??.??"]
[WhiteTeam "Kings Head"]
[BlackTeam "Poisoned Pawns 1"]

1. d4 d6 2. Nf3 Nf6 3. e3 Nbd7 4. b3 e5 5. Bb2 e4 6. Ng5 d5 7. c4 c6 8. Nc3 a6
9. a4 Bd6 10. Ba3 Bxa3 11. Rxa3 Qe7 12. Ra2 O-O 13. Be2 Re8 14. h4 Nf8 15. a5
h6 16. Nh3 Bxh3 17. Rxh3 dxc4 18. bxc4 c5 19. d5 Rab8 20. g4 Qe5 21. Na4 N6d7
22. Qa1 Qd6 23. Kf1 Ng6 24. Kg2 Nge5 25. Qb1 Qg6 26. Rb2 Nf3 27. Bxf3 exf3+ 28.
Rxf3 Qxg4+ 29. Rg3 Qxc4 30. Qd1 Nf6 31. Nb6 Qe4+ 32. Kg1 Rbd8 33. Rc2 Qxh4 34.
Rc4 Re4 35. Rxc5 Rg4 36. Qf3 Rxg3+ 37. Qxg3 Qb4 38. Qc7 Re8 39. Rc4 Qxa5 40.
Rf4 Qa1+ 41. Kg2 Re5 42. Rf5 Re4 43. Rf4 Re5 44. Rf5 Rxf5 45. Qc8+ Ne8 46. Qxf5
Nd6 47. Qd7 Qe5 48. Kf1 Kh7 49. Qc7 Qa1+ 50. Kg2 Qf6 51. Nd7 Qe7 52. f3 f5 53.
Kf2 a5 0-1

[Event "4NCL"]
[Site "Barcelo Hotel, Hinkley Island,"]
[Date "2011.01.16"]
[Round "4.63"]
[White "Posazhennikov, Alex"]
[Black "Thomas, Rik H"]
[Result "1-0"]
[WhiteElo "2233"]
[BlackElo "2197"]
[PlyCount "79"]
[EventDate "2011.??.??"]
[WhiteTeam "Poisoned Pawns 1"]
[BlackTeam "Kings Head"]

1. e4 e5 2. Nf3 d6 3. Bc4 Be7 4. d4 exd4 5. Nxd4 Nf6 6. Nc3 O-O 7. O-O a6 8. a4
c5 9. Nf3 Nc6 10. h3 h6 11. Re1 Be6 12. Nd5 Ne5 13. Nxe5 dxe5 14. Nxf6+ Bxf6
15. Bxe6 fxe6 16. Qg4 Kf7 17. Ra3 Qd7 18. Rd3 Qxa4 19. b3 Qc6 20. f4 Qc7 21. f5
exf5 22. exf5 Rfd8 23. Qc4+ Kf8 24. Be3 Rxd3 25. cxd3 Rc8 26. Rc1 Be7 27. b4 b5
28. Qe6 c4 29. f6 Bxb4 30. fxg7+ Kxg7 31. Qxh6+ Kg8 32. Qe6+ Kh7 33. Qh6+ Kg8
34. Qe6+ Kh7 35. dxc4 bxc4 36. Qh6+ Kg8 37. Qe6+ Kh7 38. Rd1 Bf8 39. Rd7+ Bg7
40. Qh6+ 1-0

[Event "4NCL"]
[Site "Barcelo Hotel, Hinkley Island,"]
[Date "2011.01.16"]
[Round "4.64"]
[White "Wittmann, Jochen"]
[Black "Harley, Andrew D"]
[Result "1/2-1/2"]
[WhiteElo "2202"]
[BlackElo "2202"]
[PlyCount "38"]
[EventDate "2011.??.??"]
[WhiteTeam "Kings Head"]
[BlackTeam "Poisoned Pawns 1"]

1. e4 e6 2. b3 b6 3. Bb2 Bb7 4. Qe2 c5 5. Nf3 Nf6 6. e5 Nd5 7. a3 Nc6 8. c4
Nde7 9. Nc3 d5 10. Nb5 Ng6 11. cxd5 exd5 12. d4 a6 13. Nd6+ Bxd6 14. exd6+ Kf8
15. dxc5 bxc5 16. Qd2 Qxd6 17. Be2 Nf4 18. O-O Nxe2+ 19. Qxe2 f6 1/2-1/2

[Event "4NCL"]
[Site "Barcelo Hotel, Hinkley Island,"]
[Date "2011.01.16"]
[Round "4.65"]
[White "Byway, Paul V"]
[Black "Mackenzie, Colin"]
[Result "1/2-1/2"]
[WhiteElo "2162"]
[BlackElo "2118"]
[PlyCount "50"]
[EventDate "2011.??.??"]
[WhiteTeam "Poisoned Pawns 1"]
[BlackTeam "Kings Head"]

1. Nf3 e6 2. c4 Nf6 3. g3 Be7 4. Bg2 O-O 5. O-O d5 6. d4 c6 7. Nbd2 b5 8. b3 a5
9. Qc2 Ra7 10. Bb2 Na6 11. c5 b4 12. Ne5 Bb7 13. e4 Nd7 14. Nd3 Nc7 15. a3 bxa3
16. Rxa3 Nb5 17. Ra4 dxe4 18. Nxe4 Nf6 19. Nxf6+ Bxf6 20. Ne5 Qc7 21. Be4 h6
22. Rfa1 Nxd4 23. Bxd4 Bxe5 24. Bxe5 Qxe5 25. b4 f5 1/2-1/2

[Event "4NCL"]
[Site "Barcelo Hotel, Hinkley Island,"]
[Date "2011.01.16"]
[Round "4.66"]
[White "Ward, Julian T"]
[Black "Borman, Philip J"]
[Result "1-0"]
[WhiteElo "2144"]
[BlackElo "2216"]
[PlyCount "79"]
[EventDate "2011.??.??"]
[WhiteTeam "Kings Head"]
[BlackTeam "Poisoned Pawns 1"]

1. Nf3 Nf6 2. c4 c6 3. g3 d5 4. d4 Bf5 5. Nc3 e6 6. Bg2 Nbd7 7. O-O h6 8. Qb3
Qb6 9. c5 Qxb3 10. axb3 Ne4 11. b4 a6 12. Nd2 Nxc3 13. bxc3 Be7 14. Nb3 f6 15.
f3 e5 16. e4 Be6 17. Na5 O-O-O 18. exd5 Bxd5 19. c4 Bf7 20. d5 Nxc5 21. Be3 Nd3
22. dxc6 Nxb4 23. cxb7+ Kc7 24. Rab1 Bg6 25. Rb2 Bd3 26. Rd1 Bc2 27. Rxd8 Rxd8
28. h4 Rb8 29. f4 e4 30. f5 Rxb7 31. Nxb7 Kxb7 32. Rxc2 Nxc2 33. Bxe4+ Kc7 34.
Bxc2 a5 35. Ba4 Kd6 36. Bd4 Kc7 37. Kf2 Bd6 38. Kf3 Be5 39. Bxe5+ fxe5 40. Ke4
1-0

[Event "4NCL"]
[Site "Barcelo Hotel, Hinkley Island,"]
[Date "2011.01.16"]
[Round "4.67"]
[White "Goodger, Martyn"]
[Black "Stevenson, James AB"]
[Result "1/2-1/2"]
[WhiteElo "2096"]
[BlackElo "2097"]
[PlyCount "97"]
[EventDate "2011.??.??"]
[WhiteTeam "Poisoned Pawns 1"]
[BlackTeam "Kings Head"]

1. e4 Nf6 2. Nc3 d5 3. e5 Ne4 4. Nce2 d4 5. c3 dxc3 6. Qa4+ Nd7 7. Nxc3 Nec5 8.
Qd4 Ne6 9. Qe3 g6 10. Nf3 Bg7 11. Bc4 Nb6 12. Bb3 c6 13. d4 O-O 14. Qe4 Nc7 15.
Qh4 Nbd5 16. Ne4 Qd7 17. h3 Qf5 18. Nfg5 h6 19. g4 Nf4 20. Qg3 Qd7 21. Qxf4
hxg5 22. Nxg5 Nd5 23. Qe4 f6 24. Nf3 f5 25. gxf5 Qxf5 26. Qxf5 Bxf5 27. Nh4 e6
28. Nxf5 Rxf5 29. Be3 Kf7 30. Bc2 Rh5 31. Ke2 Rah8 32. Rag1 Ne7 33. Rg3 c5 34.
dxc5 Bxe5 35. Rf3+ Nf5 36. Rd1 Ke7 37. Bxf5 gxf5 38. c6 bxc6 39. Bxa7 Bxb2 40.
Rb3 Be5 41. Rdd3 Rh4 42. Re3 Bd4 43. Rb7+ Kf6 44. Bxd4+ Rxd4 45. Rb6 Rc8 46.
Rc3 Ra4 47. a3 Rca8 48. Rbxc6 Rxa3 49. Kf3 1/2-1/2

[Event "4NCL"]
[Site "Barcelo Hotel, Hinkley Island,"]
[Date "2011.01.16"]
[Round "4.71"]
[White "Lock, Gavin R"]
[Black "Kafka, Graeme"]
[Result "1/2-1/2"]
[WhiteElo "2176"]
[BlackElo "2075"]
[PlyCount "43"]
[EventDate "2011.??.??"]
[WhiteTeam "Wessex 1"]
[BlackTeam "Sambuca Black Sheep"]

1. d4 d5 2. Nf3 Nf6 3. c4 c6 4. Nc3 dxc4 5. a4 Bf5 6. Ne5 Nbd7 7. Nxc4 Nb6 8.
Ne5 a5 9. f3 Nfd7 10. e4 Nxe5 11. dxe5 Qxd1+ 12. Kxd1 Be6 13. Kc2 g6 14. Rb1
Bg7 15. f4 O-O 16. Be3 Nc4 17. Bxc4 Bxc4 18. Rhd1 f6 19. exf6 exf6 20. Bb6 Be6
21. Rd6 Rfe8 22. Rbd1 1/2-1/2

[Event "4NCL"]
[Site "Barcelo Hotel, Hinkley Island,"]
[Date "2011.01.16"]
[Round "4.72"]
[White "Varnam, Liam D"]
[Black "Rutter, Nick J"]
[Result "0-1"]
[WhiteElo "2112"]
[BlackElo "2191"]
[PlyCount "80"]
[EventDate "2011.??.??"]
[WhiteTeam "Sambuca Black Sheep"]
[BlackTeam "Wessex 1"]

1. e4 c5 2. Nf3 Nc6 3. d4 cxd4 4. Nxd4 Nf6 5. Nc3 e5 6. Ndb5 d6 7. Bg5 a6 8.
Na3 b5 9. Nd5 Be7 10. Bxf6 Bxf6 11. c3 Ne7 12. Nc2 Nxd5 13. exd5 O-O 14. Be2
Bg5 15. O-O f5 16. a4 bxa4 17. Rxa4 Qb6 18. Qa1 f4 19. Bd3 f3 20. g3 Bd7 21.
Ra5 Bf5 22. Bxf5 Rxf5 23. Re1 Bd8 24. Ra4 a5 25. Qa3 Qb5 26. Ne3 Rf6 27. Rg4
Rb8 28. b4 Bb6 29. Nc4 axb4 30. Qxb4 Qxb4 31. cxb4 Bd4 32. Rb1 Rb5 33. Na5 Rf7
34. Nc6 Rxd5 35. Nxd4 exd4 36. Rd1 d3 37. Kf1 d2 38. Rf4 Rxf4 39. gxf4 Rd4 40.
h3 Rc4 0-1

[Event "4NCL"]
[Site "Barcelo Hotel, Hinkley Island,"]
[Date "2011.01.16"]
[Round "4.73"]
[White "Jenks, Bruce"]
[Black "Edgell, Ben P"]
[Result "1-0"]
[WhiteElo "2123"]
[BlackElo "2109"]
[PlyCount "77"]
[EventDate "2011.??.??"]
[WhiteTeam "Wessex 1"]
[BlackTeam "Sambuca Black Sheep"]

1. c4 Nf6 2. g3 c5 3. Bg2 g6 4. Nc3 Bg7 5. e3 e6 6. Nge2 Nc6 7. d4 cxd4 8. Nxd4
Nxd4 9. Qxd4 O-O 10. Qd6 Ne8 11. Qd3 Nc7 12. O-O Rb8 13. e4 b6 14. Rd1 Qe7 15.
Bf4 e5 16. Be3 Rd8 17. Rd2 d6 18. a4 Be6 19. a5 bxa5 20. Rxa5 a6 21. Bf1 f5 22.
Bg2 Qf7 23. exf5 gxf5 24. Nd5 e4 25. Qa3 Nxd5 26. cxd5 Bc8 27. Bf1 Qc7 28. Kg2
Rxb2 29. Rxb2 Bxb2 30. Qxb2 Qxa5 31. Bb6 Qxd5 32. Bxd8 Bd7 33. Bg5 Bc6 34. Be3
a5 35. Qc3 Kf8 36. Qh8+ Ke7 37. Bg5+ Kd7 38. Qd8+ Ke6 39. Qe7# 1-0

[Event "4NCL"]
[Site "Barcelo Hotel, Hinkley Island,"]
[Date "2011.01.16"]
[Round "4.74"]
[White "Ruston, Mark R"]
[Black "Simons, Martin J"]
[Result "1/2-1/2"]
[WhiteElo "2110"]
[BlackElo "2186"]
[PlyCount "75"]
[EventDate "2011.??.??"]
[WhiteTeam "Sambuca Black Sheep"]
[BlackTeam "Wessex 1"]

1. e4 Nc6 2. Nf3 d5 3. exd5 Qxd5 4. Nc3 Qf5 5. Bd3 Qa5 6. Bb5 Bd7 7. O-O O-O-O
8. d4 Nf6 9. Qe2 a6 10. Bxc6 Bxc6 11. Ne5 Be8 12. Be3 e6 13. a3 Nd5 14. Nxd5
exd5 15. Rfc1 f6 16. Nd3 Kb8 17. b4 Qb5 18. a4 Qc4 19. Qd2 Bg6 20. Rcb1 Bxd3
21. cxd3 Qc6 22. b5 axb5 23. axb5 Qb6 24. Rb2 Bd6 25. Rba2 Kc8 26. Qe2 f5 27.
Qf3 g6 28. Ra8+ Kd7 29. Rxd8+ Rxd8 30. Qxd5 Re8 31. g3 c6 32. bxc6+ Qxc6 33.
Qxc6+ Kxc6 34. Rb1 Re7 35. Kg2 Rd7 36. Kf3 Bf8 37. h4 b5 38. Ke2 1/2-1/2

[Event "4NCL"]
[Site "Barcelo Hotel, Hinkley Island,"]
[Date "2011.01.16"]
[Round "4.75"]
[White "Yeo, Michael J"]
[Black "McCullough, Simon L"]
[Result "1/2-1/2"]
[WhiteElo "2189"]
[BlackElo "2036"]
[PlyCount "108"]
[EventDate "2011.??.??"]
[WhiteTeam "Wessex 1"]
[BlackTeam "Sambuca Black Sheep"]

1. e4 c5 2. Nf3 e6 3. d4 cxd4 4. Nxd4 Nf6 5. Nc3 Nc6 6. Ndb5 Bb4 7. a3 Bxc3+ 8.
Nxc3 d5 9. exd5 exd5 10. Bd3 O-O 11. O-O d4 12. Ne4 Bf5 13. Bg5 Bxe4 14. Bxe4
h6 15. Bxf6 Qxf6 16. Qd3 Rfe8 17. Rad1 Rad8 18. Rfe1 Ne5 19. Qg3 Qb6 20. b4 a5
21. Qb3 Re7 22. bxa5 Qxa5 23. Qb4 Qxb4 24. axb4 Red7 25. Kf1 f6 26. f4 Nc6 27.
Bf5 Rc7 28. b5 Nb4 29. Rd2 Kf8 30. Bg6 Re7 31. c3 Nd5 32. Rxd4 Ne3+ 33. Kg1
Rxd4 34. cxd4 Nd5 35. Rxe7 Kxe7 36. Be4 Kd6 37. Kf2 Nc3 38. Bxb7 Nxb5 39. Ke3
f5 40. h3 Nc7 41. Bf3 Ne6 42. g4 g6 43. gxf5 gxf5 44. Bd1 Nc7 45. Bb3 Nb5 46.
Kd3 Nc7 47. Bf7 Ke7 48. Bg8 Kf8 49. Bh7 Nd5 50. Bxf5 Nxf4+ 51. Ke3 Nd5+ 52. Ke4
Nc3+ 53. Ke5 Nb5 54. d5 Ke7 1/2-1/2

[Event "4NCL"]
[Site "Barcelo Hotel, Hinkley Island,"]
[Date "2011.01.16"]
[Round "4.76"]
[White "Makepeace, Philip J"]
[Black "Pleasants, Allan J"]
[Result "1/2-1/2"]
[WhiteElo "2088"]
[BlackElo "2056"]
[PlyCount "54"]
[EventDate "2011.??.??"]
[WhiteTeam "Sambuca Black Sheep"]
[BlackTeam "Wessex 1"]

1. d4 g6 2. Nf3 Bg7 3. g3 b5 4. Bg2 Bb7 5. O-O Nf6 6. a4 a6 7. axb5 axb5 8.
Rxa8 Bxa8 9. Qd3 c6 10. Qa3 Bb7 11. Bd2 O-O 12. Ba5 Qe8 13. Nbd2 d6 14. e4 Nbd7
15. e5 dxe5 16. Nxe5 Nxe5 17. dxe5 Nd5 18. Re1 f6 19. exf6 Bxf6 20. Ne4 Qf7 21.
Nxf6+ Qxf6 22. Bxd5+ cxd5 23. Qe3 e5 24. Qb6 Bc6 25. f4 exf4 26. Bc3 d4 27.
Qxd4 Qxd4+ 1/2-1/2

[Event "4NCL"]
[Site "Barcelo Hotel, Hinkley Island,"]
[Date "2011.01.16"]
[Round "4.77"]
[White "de Coverly, Roger D"]
[Black "Russell, Christopher"]
[Result "1/2-1/2"]
[WhiteElo "2065"]
[BlackElo "2086"]
[PlyCount "63"]
[EventDate "2011.??.??"]
[WhiteTeam "Wessex 1"]
[BlackTeam "Sambuca Black Sheep"]

1. e4 e6 2. d4 d5 3. exd5 exd5 4. c4 Nf6 5. Nc3 Bb4 6. Nf3 O-O 7. Bd3 Nc6 8. a3
Bxc3+ 9. bxc3 Re8+ 10. Be3 dxc4 11. Bxc4 Nd5 12. O-O Bg4 13. h3 Bh5 14. Bd2 Qd6
15. Rb1 Rab8 16. Rb5 Nb6 17. Rxh5 Nxc4 18. Bc1 N6a5 19. Qd3 Qg6 20. Qxg6 hxg6
21. Rc5 c6 22. Ne5 Nxe5 23. Rxa5 Nc4 24. Rxa7 b5 25. a4 b4 26. cxb4 Rxb4 27.
Be3 f6 28. Rc1 Nxe3 29. fxe3 Rxe3 30. Rxc6 Rb2 31. Rcc7 Rg3 32. Rxg7+ 1/2-1/2

[Event "4NCL"]
[Site "Barcelo Hotel, Hinkley Island,"]
[Date "2011.01.16"]
[Round "4.78"]
[White "Sainbayar, Anuurai"]
[Black "McGiff, Aidan Y"]
[Result "1/2-1/2"]
[WhiteElo "1722"]
[BlackElo "1725"]
[PlyCount "57"]
[EventDate "2011.??.??"]
[WhiteTeam "Sambuca Black Sheep"]
[BlackTeam "Wessex 1"]

1. d4 e6 2. Nf3 Nf6 3. Bf4 b6 4. h3 Bb7 5. Nbd2 d6 6. e3 Nbd7 7. Bd3 Qe7 8. e4
h6 9. Qe2 g5 10. Bh2 Bg7 11. c3 O-O-O 12. Ba6 Nh5 13. g3 Rhe8 14. O-O-O f5 15.
e5 dxe5 16. Nxe5 Nxe5 17. Bxb7+ Kxb7 18. dxe5 Qf7 19. Qf3+ Kb8 20. g4 Nf4 21.
Bxf4 fxg4 22. Qxg4 Qxf4 23. Qxf4 gxf4 24. Nf3 Kb7 25. Rhg1 Rxd1+ 26. Kxd1 Re7
27. Ke2 Kc6 28. Rg6 Kd5 29. Kd3 1/2-1/2

[Event "4NCL"]
[Site "Barcelo Hotel, Hinkley Island,"]
[Date "2011.01.16"]
[Round "4.81"]
[White "Quillan, Gary"]
[Black "Rudd, Jack"]
[Result "1-0"]
[WhiteElo "2383"]
[BlackElo "2297"]
[PlyCount "43"]
[EventDate "2011.??.??"]
[WhiteTeam "3Cs 1"]
[BlackTeam "Bristol 1"]

1. e4 e5 2. Nf3 Nc6 3. Bb5 a6 4. Ba4 Nf6 5. O-O Be7 6. Re1 b5 7. Bb3 d6 8. c3
O-O 9. d4 Bg4 10. d5 Na5 11. Bc2 c6 12. h3 Bh5 13. dxc6 Nxc6 14. Nbd2 d5 15.
exd5 Qxd5 16. Qe2 Rae8 17. Ne4 Qd7 18. a4 Qb7 19. Bd3 bxa4 20. Rxa4 Nxe4 21.
Bxe4 a5 22. Rc4 1-0

[Event "4NCL"]
[Site "Barcelo Hotel, Hinkley Island,"]
[Date "2011.01.16"]
[Round "4.82"]
[White "Buckley, David E"]
[Black "Ashton, Adam G"]
[Result "0-1"]
[WhiteElo "2237"]
[BlackElo "2330"]
[PlyCount "82"]
[EventDate "2011.??.??"]
[WhiteTeam "Bristol 1"]
[BlackTeam "3Cs 1"]

1. d4 d5 2. c4 e6 3. Nc3 c6 4. Nf3 dxc4 5. e3 b5 6. a4 Bb4 7. Bd2 a5 8. axb5
Bxc3 9. Bxc3 cxb5 10. b3 Bb7 11. bxc4 b4 12. Bb2 Nf6 13. Bd3 Nbd7 14. O-O O-O
15. c5 Bc6 16. Bc2 Qc7 17. Ba4 Ne4 18. Bxc6 Qxc6 19. Qa4 Rfc8 20. Qxc6 Rxc6 21.
Ra4 Ndxc5 22. dxc5 Nxc5 23. Raa1 a4 24. Bd4 Nb3 25. Rab1 f6 26. Rfd1 e5 27. Ba1
Nxa1 28. Rxa1 a3 29. Nd2 a2 30. Kf1 Ra3 31. Nb3 Rc3 32. Rd2 Rcxb3 33. Raxa2 Kf7
34. Rd7+ Kg6 35. Rad2 Rb1+ 36. Ke2 b3 37. Kd3 Rg1 38. Kc3 Rxg2 39. h4 Ra2 40.
Kxb3 Rxd2 41. Rxd2 Rh2 0-1